[Event "Summer Prague Open 2021 - A"]
[Site "Olympik hotel, Sokolovska 138,"]
[Date "2021.08.13"]
[Round "9.21"]
[White "Kocak, Ediz"]
[Black "Glavan, Slavenko"]
[Result "0-1"]
[WhiteElo "1996"]
[BlackElo "2182"]
[PlyCount "56"]
[EventDate "2021.08.06"]

1. e4 Nf6 2. e5 Nd5 3. d4 d6 4. Nf3 Bg4 5. Be2 e6 6. c4 Nb6 7. O-O Be7 8. h3
Bh5 9. Be3 O-O 10. Nc3 N8d7 11. exd6 cxd6 12. g4 Bg6 13. h4 h6 14. g5 hxg5 15.
hxg5 Bh5 16. Bd3 g6 17. Kg2 Kg7 18. Qd2 Bxf3+ 19. Kxf3 Rh8 20. Rh1 Qc7 21. b3
Qc6+ 22. d5 exd5 23. Nxd5 Ne5+ 24. Kg3 Nxd5 25. Be4 Qd7 26. f4 Qg4+ 27. Kf2
Nxe3 28. Qxe3 Rh4 0-1

[Event "Summer Prague Open 2021 - A"]
[Site "Olympik hotel, Sokolovska 138,"]
[Date "2021.08.13"]
[Round "9.22"]
[White "Vecera, Dominik"]
[Black "Dambrauskas, Virginijus"]
[Result "0-1"]
[WhiteElo "2014"]
[BlackElo "2176"]
[PlyCount "114"]
[EventDate "2021.08.06"]

1. e4 c5 2. Nf3 e6 3. d4 cxd4 4. Nxd4 a6 5. Nc3 Qc7 6. Bd3 Bc5 7. Nb3 Be7 8.
Qg4 Bf6 9. Bd2 d6 10. O-O-O Ne7 11. f4 b5 12. a3 Nbc6 13. Ne2 Bd7 14. Kb1 Qb6
15. Qf3 O-O 16. Be3 Qc7 17. h4 b4 18. a4 Na5 19. e5 dxe5 20. fxe5 Bxe5 21. Nxa5
Qxa5 22. Bxh7+ Kxh7 23. Rxd7 Nf5 24. Rhd1 Qxa4 25. Bf4 Bf6 26. g4 Rac8 27. R7d2
Rc5 28. Qb3 Qxb3 29. cxb3 e5 30. gxf5 exf4 31. Nxf4 Rxf5 32. Nd5 Bxh4 33. Nxb4
Rb8 34. Nxa6 Rxb3 35. Rd5 Rxd5 36. Rxd5 Bf6 37. Rd2 g5 38. Nc5 Rf3 39. Ne4 Kg6
40. Kc2 Be5 41. Rd5 f6 42. Nd2 Rf4 43. b3 g4 44. Rd8 f5 45. Nc4 Bf6 46. Rd2 Rf3
47. Rd3 Rf2+ 48. Kd1 f4 49. Ke1 Rc2 50. Kf1 Rc1+ 51. Kg2 Bh4 52. Nd2 Rc2 53.
Kg1 Be1 54. Nc4 g3 55. Rf3 Bf2+ 56. Kf1 Ba7 57. Ne5+ Kg7 0-1

[Event "Summer Prague Open 2021 - A"]
[Site "Olympik hotel, Sokolovska 138,"]
[Date "2021.08.13"]
[Round "9.23"]
[White "Pap, Gyula"]
[Black "Laurincova, Kristyna"]
[Result "1-0"]
[WhiteElo "2519"]
[BlackElo "2015"]
[PlyCount "85"]
[EventDate "2021.08.06"]

1. e4 c5 2. Nf3 d6 3. d4 cxd4 4. Nxd4 Nf6 5. Nc3 a6 6. Nb3 e6 7. g4 b5 8. g5
Nfd7 9. a3 Bb7 10. Be3 Nc6 11. h4 Rc8 12. f4 Na5 13. Nxa5 Qxa5 14. Bd3 d5 15.
exd5 Bxd5 16. O-O Bc4 17. f5 Qc7 18. Ne4 Bc5 19. Qe1 Bxe3+ 20. Qxe3 O-O 21. f6
Qb6 22. Qxb6 Nxb6 23. Rf3 Bxd3 24. cxd3 g6 25. b4 Rfd8 26. Kg2 Rd4 27. Kg3 Nd7
28. Kf4 Rc3 29. Kg3 Rc2 30. a4 Rxb4 31. axb5 Rbb2 32. bxa6 Rg2+ 33. Kh3 Rh2+
34. Kg4 h5+ 35. gxh6 Ne5+ 36. Kf4 Nxf3 37. a7 Ra2 38. a8=Q+ Rxa8 39. Rxa8+ Kh7
40. Kxf3 Rxh4 41. Ng5+ Kxh6 42. Nxf7+ Kh5 43. Rh8# 1-0

[Event "Summer Prague Open 2021 - A"]
[Site "Olympik hotel, Sokolovska 138,"]
[Date "2021.08.13"]
[Round "9.24"]
[White "Bergner, Philipp"]
[Black "Sorm, Daniel"]
[Result "0-1"]
[WhiteElo "2072"]
[BlackElo "2350"]
[PlyCount "94"]
[EventDate "2021.08.06"]

1. d4 f5 2. Nf3 Nf6 3. g3 g6 4. Bg2 Bg7 5. O-O O-O 6. Re1 c6 7. Nbd2 d5 8. Ne5
Nbd7 9. Ndf3 Ne4 10. Bf4 Ndf6 11. c4 e6 12. b4 Ng4 13. h3 Nexf2 14. Qc2 Nxe5
15. Nxe5 Ne4 16. Bxe4 dxe4 17. Qd2 Bd7 18. c5 Be8 19. Red1 Qd5 20. Bh6 Bxe5 21.
dxe5 Qxe5 22. Qd6 Qxd6 23. Rxd6 Rf7 24. Rad1 Rc7 25. Rxe6 Bf7 26. Red6 Bd5 27.
a3 Re8 28. Be3 Kf7 29. h4 Ree7 30. Kf2 Red7 31. Rxd7+ Rxd7 32. Bh6 b6 33. Be3
b5 34. Bh6 Ke6 35. Bf4 Rd8 36. Bg5 Ra8 37. Bd2 Bb3 38. Rb1 Ba4 39. Rb2 Kd5 40.
Bc1 Kc4 41. Rd2 a5 42. Rd6 axb4 43. axb4 Kxb4 44. Rxc6 Kc3 45. Ke3 b4 46. Rb6
b3 47. c6 Rc8 0-1

[Event "Summer Prague Open 2021 - B"]
[Site "Olympik hotel, Sokolovska 138,"]
[Date "2021.08.13"]
[Round "9.1"]
[White "Svanda, Adam"]
[Black "Belov, Alexander"]
[Result "0-1"]
[WhiteElo "1858"]
[BlackElo "1853"]
[PlyCount "56"]
[EventDate "2021.08.06"]

1. c4 g6 2. g3 Bg7 3. Bg2 d6 4. Nc3 Nc6 5. Nf3 e5 6. O-O f5 7. d3 Nf6 8. Rb1
O-O 9. b4 h6 10. b5 Ne7 11. Qa4 Nd7 12. Qc2 Nc5 13. e3 g5 14. Ba3 f4 15. exf4
exf4 16. h3 fxg3 17. fxg3 Nf5 18. Bxc5 dxc5 19. Nd5 c6 20. bxc6 bxc6 21. g4 Ng3
22. Rfe1 cxd5 23. Nxg5 Bd4+ 24. Kh2 Rf2 25. Qxf2 Bxf2 26. Bxd5+ Kg7 27. Ne6+
Bxe6 28. Rxe6 Rb8 0-1

[Event "Summer Prague Open 2021 - B"]
[Site "Olympik hotel, Sokolovska 138,"]
[Date "2021.08.13"]
[Round "9.2"]
[White "Dreher, David"]
[Black "Klimek, Petr"]
[Result "1-0"]
[WhiteElo "1888"]
[BlackElo "1826"]
[PlyCount "49"]
[EventDate "2021.08.06"]

1. d4 e6 2. Bf4 Nf6 3. e3 d5 4. c3 Be7 5. Nd2 O-O 6. Bd3 b6 7. Ngf3 Bb7 8. Ne5
Nbd7 9. h4 Ne4 10. Qc2 f5 11. Ndf3 c5 12. Nxd7 Qxd7 13. Ne5 Qd8 14. O-O-O cxd4
15. exd4 Rc8 16. f3 Nf6 17. g4 fxg4 18. Bg5 gxf3 19. Bxf6 Rxf6 20. Bxh7+ Kf8
21. h5 Bd6 22. h6 Rxh6 23. Rxh6 gxh6 24. Rg1 Qf6 25. Nd7+ 1-0

[Event "Summer Prague Open 2021 - B"]
[Site "Olympik hotel, Sokolovska 138,"]
[Date "2021.08.13"]
[Round "9.3"]
[White "Guggenheim, Hans"]
[Black "Marinc, Damir"]
[Result "0-1"]
[WhiteElo "1866"]
[BlackElo "1887"]
[PlyCount "68"]
[EventDate "2021.08.06"]

1. d4 Nf6 2. c4 c5 3. d5 e5 4. Nc3 d6 5. e4 Be7 6. Be2 O-O 7. Be3 a6 8. h3 Ne8
9. Bg4 f5 10. Bxf5 Bxf5 11. exf5 Rxf5 12. Nf3 g6 13. O-O Ng7 14. Rb1 a5 15. Qd2
Na6 16. Ne4 Qd7 17. Qe2 Raf8 18. Nh2 R5f7 19. Ng4 Nf5 20. Bh6 Rc8 21. Qd2 b6
22. f4 exf4 23. Rxf4 Bd8 24. Rc1 Nc7 25. Kh2 b5 26. b3 bxc4 27. bxc4 Qa4 28.
Rcf1 Qb4 29. Qc1 Nxd5 30. Nxd6 Nxf4 31. Ne8 Ne2 32. Qd1 Qb8+ 33. Bf4 Nxf4 34.
g3 Nh5 0-1

[Event "Summer Prague Open 2021 - B"]
[Site "Olympik hotel, Sokolovska 138,"]
[Date "2021.08.13"]
[Round "9.4"]
[White "Al-Dhabbi, Fares"]
[Black "Grabarczyk, Sylwester"]
[Result "1-0"]
[WhiteElo "1918"]
[BlackElo "1630"]
[PlyCount "105"]
[EventDate "2021.08.06"]

1. d4 Nf6 2. Bg5 Ne4 3. Bf4 g5 4. Be5 f6 5. e3 h5 6. Be2 g4 7. Bf4 d6 8. f3 e5
9. fxe4 exf4 10. exf4 Bh6 11. g3 Qe7 12. Nc3 c6 13. Qd3 b5 14. a3 a6 15. O-O-O
a5 16. Nxb5 cxb5 17. Qxb5+ Kf8 18. Bd3 Kg7 19. Kb1 Bd7 20. Qc4 Na6 21. Ne2 Qf7
22. Qc3 a4 23. Bc4 Qe7 24. Qd3 Nc7 25. d5 Rhb8 26. Nd4 Rb6 27. Ka2 Na6 28. Bxa6
Raxa6 29. f5 Ra5 30. h3 gxh3 31. Rxh3 Be8 32. g4 Qb7 33. Qc3 Ra8 34. Rb1 Kh7
35. Rhh1 Rb8 36. Ne6 Bg7 37. gxh5 Bh6 38. Qxf6 Bg7 39. Nxg7 Qxg7 40. Qxg7+ Kxg7
41. h6+ Kh7 42. b3 Rc8 43. Rh2 Rc3 44. b4 Re3 45. Rg1 Rb7 46. f6 Rf7 47. Rg7+
Kh8 48. h7 Rf8 49. Rhg2 Bf7 50. R2g4 Rf3 51. Rg8+ Bxg8 52. hxg8=Q+ Rxg8 53.
Rh4# 1-0

[Event "Summer Prague Open 2021 - B"]
[Site "Olympik hotel, Sokolovska 138,"]
[Date "2021.08.13"]
[Round "9.5"]
[White "Jaeger, Andre"]
[Black "Mihal, Sergej"]
[Result "1-0"]
[WhiteElo "1883"]
[BlackElo "1877"]
[PlyCount "93"]
[EventDate "2021.08.06"]

1. d4 Nf6 2. c4 e5 3. dxe5 Ng4 4. Nf3 Bc5 5. e3 Nc6 6. a3 a5 7. Qd5 Qe7 8. Nc3
Ncxe5 9. Ne4 d6 10. Nxc5 dxc5 11. Nxe5 Nxe5 12. Bd2 c6 13. Qe4 f5 14. Qc2 O-O
15. Bc3 f4 16. Qe4 Ng6 17. Qxe7 Nxe7 18. e4 Rd8 19. Be2 b6 20. O-O Be6 21. Rfd1
g5 22. Bf6 Re8 23. Bxg5 Ng6 24. Bf6 f3 25. gxf3 Nf4 26. Bf1 Kf7 27. Bh4 h5 28.
Kh1 Ng6 29. Bg3 h4 30. Bd6 Rad8 31. h3 Rg8 32. f4 Rxd6 33. Rxd6 Nxf4 34. Kh2
Ke7 35. Rad1 Rc8 36. b3 Ng6 37. Be2 Nf4 38. Bf1 Ng6 39. R1d2 Rg8 40. Rxc6 Ne5
41. Rc7+ Kf6 42. Be2 Ng6 43. Rd6 Ke5 44. Rcc6 Nf4 45. Bf1 b5 46. cxb5 Bxb3 47.
Rh6 1-0

[Event "Summer Prague Open 2021 - B"]
[Site "Olympik hotel, Sokolovska 138,"]
[Date "2021.08.13"]
[Round "9.6"]
[White "Palka, Miroslav"]
[Black "Bednar, Jiri"]
[Result "1/2-1/2"]
[WhiteElo "1846"]
[BlackElo "1881"]
[PlyCount "123"]
[EventDate "2021.08.06"]

1. c4 e5 2. Nc3 Nc6 3. g3 g6 4. e4 Bg7 5. Bg2 d6 6. Nge2 Nge7 7. O-O Be6 8. d3
O-O 9. h3 Nd4 10. Be3 c6 11. f4 f5 12. Kh2 Qd7 13. Qd2 fxe4 14. Nxe4 Nef5 15.
Nxd4 exd4 16. Bg1 h6 17. Rae1 b6 18. Qc2 Rae8 19. Nd2 c5 20. Nf3 Bf7 21. Qd2
Ne3 22. Bxe3 dxe3 23. Rxe3 Rxe3 24. Qxe3 Bxb2 25. f5 Kg7 26. fxg6 Bxg6 27. Qd2
Bf6 28. d4 Qf5 29. dxc5 Qxc5 30. Qd5 Bf7 31. Qxc5 dxc5 32. Rc1 Re8 33. Rc2 Re3
34. Ng1 Be5 35. Ne2 Bh5 36. Nf4 Bf7 37. Bb7 Bxf4 38. gxf4 Kf6 39. Ba6 Be6 40.
a4 Bxh3 41. Rd2 Ke7 42. a5 Bg4 43. axb6 axb6 44. Kg1 h5 45. Rb2 Re6 46. Kf2 Kd7
47. Bb5+ Kc7 48. Ra2 Kb7 49. Rd2 Re7 50. Kg3 Rg7 51. Kh4 Bf3 52. Rd7+ Rxd7 53.
Bxd7 Be2 54. Be6 Kc7 55. Kg5 Kd6 56. Bg8 Ke7 57. f5 Bd3 58. f6+ Kf8 59. Be6 Be2
60. Bd5 b5 61. cxb5 Bxb5 62. Kxh5 1/2-1/2

[Event "Summer Prague Open 2021 - B"]
[Site "Olympik hotel, Sokolovska 138,"]
[Date "2021.08.13"]
[Round "9.7"]
[White "Svetly, Jiri"]
[Black "Lazniewska, Zofia"]
[Result "0-1"]
[WhiteElo "1852"]
[BlackElo "1562"]
[PlyCount "46"]
[EventDate "2021.08.06"]

1. d4 d5 2. c4 e6 3. Nc3 Nf6 4. Bg5 Be7 5. e3 O-O 6. Nf3 h6 7. Bh4 b6 8. cxd5
Nxd5 9. Nxd5 exd5 10. Bxe7 Qxe7 11. Qc2 Be6 12. Bd3 c5 13. O-O Rc8 14. Rac1 a5
15. Qe2 Nc6 16. Bb5 Bg4 17. Bxc6 Rxc6 18. Qb5 Bxf3 19. Qxc6 Qg5 20. Qxa8+ Kh7
21. g3 Qf5 22. Qxd5 Qxd5 23. Rc2 Qf5 0-1

[Event "Summer Prague Open 2021 - B"]
[Site "Olympik hotel, Sokolovska 138,"]
[Date "2021.08.13"]
[Round "9.8"]
[White "Froeyman, Hugo"]
[Black "Kalvach, Ladislav"]
[Result "1-0"]
[WhiteElo "1614"]
[BlackElo "1771"]
[PlyCount "165"]
[EventDate "2021.08.06"]

1. e4 c5 2. Nc3 Nc6 3. g3 Nf6 4. Bg2 e6 5. Nge2 d5 6. exd5 exd5 7. d4 Bf5 8.
O-O cxd4 9. Nxd4 Nxd4 10. Qxd4 Be7 11. Nxd5 Nxd5 12. Qxd5 Qxd5 13. Bxd5 O-O 14.
c3 a5 15. Bf4 Ra6 16. Rfe1 Bf6 17. Be5 Bd8 18. Bd4 b6 19. Re3 Bd7 20. Rae1 a4
21. a3 Ra5 22. Bg2 Be6 23. Re5 Bc7 24. Rxa5 bxa5 25. Bc6 Bb3 26. Kg2 Rb8 27.
Re7 Bd6 28. Re8+ Rxe8 29. Bxe8 Kf8 30. Bc6 Bc7 31. Bc5+ Kg8 32. Kf3 f6 33. Ke4
Bc2+ 34. Kd4 Kf7 35. Kc4 Bd1 36. Bd5+ Kg6 37. Kb5 Kf5 38. Bb6 Ke5 39. Bxc7+
Kxd5 40. Bxa5 Ke4 41. Bb6 Kd3 42. c4 Ke4 43. Be3 Be2 44. Kxa4 Bxc4 45. b3 Bd5
46. b4 Ba8 47. b5 Kd5 48. Kb4 g5 49. a4 h6 50. a5 Kd6 51. a6 Kd7 52. Kc5 Bf3
53. b6 Be2 54. Bd4 Bxa6 55. Bxf6 g4 56. Kd5 Bb7+ 57. Ke5 Ke8 58. Bg7 h5 59. Kf5
Kf7 60. Bd4 Bc8+ 61. Kg5 Ke6 62. Kxh5 Kf5 63. Be3 Bb7 64. Kh4 Bg2 65. Bc5 Bf3
66. h3 gxh3 67. Kxh3 Kg6 68. Kh2 Kh5 69. Kg1 Kg4 70. Kf1 Kf5 71. Ke1 Ke6 72.
Kd2 Kd7 73. Ke3 Bc6 74. Kf4 Ke6 75. g4 Kf6 76. Kg3 Kg6 77. f4 Kf7 78. f5 Bd5
79. Kf4 Bg2 80. g5 Bc6 81. g6+ Kg8 82. Kg5 Bb7 83. f6 1-0

[Event "Summer Prague Open 2021 - B"]
[Site "Olympik hotel, Sokolovska 138,"]
[Date "2021.08.13"]
[Round "9.10"]
[White "Hrebicek, Petr"]
[Black "Pejrimovsky, Tadeas Rubel"]
[Result "1-0"]
[WhiteElo "1806"]
[BlackElo "1532"]
[PlyCount "43"]
[EventDate "2021.08.06"]

1. e4 c5 2. Nc3 e6 3. f4 d6 4. Nf3 a6 5. a4 Nf6 6. e5 Nfd7 7. exd6 Bxd6 8. g3
b6 9. Bg2 Bb7 10. O-O O-O 11. d3 Qc7 12. Ne4 Be7 13. b3 Nf6 14. Qe1 Nc6 15. Bb2
Nd5 16. Neg5 Ncb4 17. Rf2 h6 18. Nxe6 fxe6 19. Qxe6+ Kh7 20. Ng5+ hxg5 21. Be4+
Kh8 22. Qh6+ 1-0